| 000 | 00661cam a22001932 4500 | ||
|---|---|---|---|
| 001 | 0000008442 | ||
| 005 | 20151217152033.0 | ||
| 008 | 080411s xx 000 0 eng d | ||
| 020 |
_a0851114555 : _cKES 3000 |
||
| 040 |
_aKABU _cKABU |
||
| 245 | 1 | 0 |
_aInterpreting the Bible : _bhistorical and theological studies in honour of David F. Wright / _cedited by A. N. S. Lane. |
| 260 |
_aLeiceste, England : _bInter-Varsity Press, _c1997. |
||
| 300 | _aviii, 3008 p. | ||
| 650 | 0 |
_aBible _xCriticism, interpretation, etc. _@0000149025 |
|
| 700 | 1 |
_aLane, A. N. S. _@0000159003 |
|
| 908 | _a080411 | ||
| 950 | _@1 | ||
| 999 |
_c7567 _d7567 |
||